Normal view
MARC view
- Shaw, Terrel.
Entry Personal Name
001 - CONTROL NUMBER
- control field: 22516
003 - CONTROL NUMBER IDENTIFIER
- control field: NUST
005 - DATE AND TIME OF LATEST TRANSACTION
- control field: 20191003100403.0
008 - FIXED-LENGTH DATA ELEMENTS
- fixed length control field: 191003|| aca||aabn | a|a d
040 ## - CATALOGING SOURCE
- Original cataloging agency: NUST
- Transcribing agency: NUST
100 ## - HEADING--PERSONAL NAME
- Personal name: Shaw, Terrel.
670 ## - SOURCE DATA FOUND
- Source citation: Work cat.: (NUST)0: Shaw, Terrel., Performance measures of operational effectiveness for highway segments and systems /, 2003.
